00658nam a2200217Ia 4500003000900000008004100009040001300050040001300063041000800076100002100084245004700105250001300152260001500165260000900180300001100189300001000200490000600210942000700216999001700223952020000240IT-RoPAU120407s9999 xx 000 0 und d aIT-RoPAU cIT-RoPAU aita aGiorgio Berlutti a"Ritorno all’amore Sulle orme di Gesù" aLanciano aR. Carabba c1944 a431 p. c22 cm v1 cBK c34527d34527 00102ddc406232_900000000000000_671aPAULUSbPAULUSd2012-04-11l0o232.9.6r2012-04-11 00:00:00w2012-04-11yBKzInserito da: Carla In data: 24 ottobre 2011 fondo: Via A.Severo 56 Progr:31203